000 00585nam a22002297a 4500
003 UA-OsUOA
001 47785
007 ta
008 20070820b un ||||| |||| 00| 0 ukr d
100 _aКосідовський З.
090 _a244
_bК71
942 _cBK
040 _aUA-OsUOA
_bukr
_cUA-OsUOA
_dUA-OsUOA
245 _aОповіді євангелістів
300 _a262 с.
955 _a4
041 _aukr
080 _a244
260 _aК.
_bПолітвидав України
_c1985
650 7 _a2 Релігія. Теологія.
_2UDC
999 _c333893
_d333893